000 00786nam a2200253Ia 4500
003 OSt
005 20220928104907.0
006 a|||||r|||| 00| 0
007 ta
008 220927b |||||||| |||| 00| 0 eng d
020 _c13291.690000000001
024 _a106577
037 _b622, 20/03/2010, Pioneer Book Distributors
_cTextual
040 _aSDCL
_cSDCL
_beng
041 _2eng
_aeng
082 _aL:4:56:f3, N5
100 _aHayat M A Ed.
_9412734
245 0 _aImmunogold-silver staining
_b Principles, methods, and applications.
260 _aBoca Raton
_b C R C Press
_c1995
300 _a315p.
_ccm.
650 _aBiophysics
942 _hL:4:56:f3, N5
_cTEXL
_2CC
999 _c728479
_d728479